Score 0/6 Timer 02:00
1 Play Today
Year Movie % Correct
1984The Terminator
99.7%
1991Terminator 2: Judgment Day
93.8%
2009Terminator Salvation
82.3%
2003Terminator 3: Rise of the Machines
72%
2019Terminator: Dark Fate
54%
2015Terminator Genisys
40.5%

You're not logged in!

Compare scores with friends on all Sporcle quizzes.
OR
Log In

Sporcle TV

Today on Sporcle TV


Watch our educational content, quiz creation guides, and fun videos on Sporcle TV.

Show Comments

Extras

Top Quizzes Today


Score Distribution

Paid Content

Your Account Isn't Verified!

In order to create a playlist on Sporcle, you need to verify the email address you used during registration. Go to your Sporcle Settings to finish the process.

Report this User

Report this user for behavior that violates our Community Guidelines.

Details: